00486nam a22001577a 4500020001800000082001400018100002600032245004000058250000800098260004200106300000800148650001600156942000700172952013200179999001700311 a9781258256234 a305.8 FRI aFriedlander Walter A. aConcepts and methods of Social Work a1st aNew JerseybPrentice- Hall, Incc1962 a308 aSocial Work cBK 00104070aHMIbHMIcGENd2016-01-20eamazang2320.00l2o305.8 FRIp25016q2026-02-24r2026-02-10s2026-02-10w2026-01-16yBK c19947d19947